1850 1313 1796 1450 1390 1955 1133 1411 1955 1676 1554 1707 1599 1264 1190 1623 1577 1687 1426 1766 1749 1598 1824 1288 1042 1295 1888 1310 1076 1913 1532 1307 1472 1481 1130 1715 1969 1761 1323 1570 1013 1962 1869 1386 1847 1212 1835 1487 1512 1205 1216 1521 1233 1977 1331 1922 1412 1244 1155 1225 1930 1380 1957 1071 1836 1111 1196 1236 1915 1987 1760 1589 1791 1453 1465 1948 1115 1159 1194 1540 1507 1081 1283 1133 1531 1442 1027 1462 1866 1765 1593 1724 1039 1780 1113 1263 1971 1323 1663 BCNSPRNW ULIB Ver.6.0+V

เปลี่ยนเป็นภาษาไทย

Change to English
 แสดงรายละเอียดบรรณานุกรม
  กลับหน้าหลัก

Brief Record : Get Marc (ISO 2709) : E-mail record : QR code < ปิดหน้าต่าง
LEADER : 00000nam 2200000uu 4500
001    13399111615
003     ULIB
008    110627s2545||||th 000 0 tha d
060  4 WY18.5^bส126ค 2545
100 0  สกุนตลา แซ่เตียว
245 00 ความสามารถในการปฏิบัติงานของผู้สำเร็จการศึกษา หลักสูตรพยาบาลศาสตรบัณฑิต รุ่นที่ 31วิทยาลัยพยาบาลบรมราชชนนี สงขลา/^cสกุนตลา แซ่เตียว
260    สงขลา :^bวิทยาลัยพยาบาลบรมราชชนนี สงขลา,^c2545
300    54 หน้า
650  7 ความสามารถในการปฏิบัติงาน
650  7 หลักสูตรพยาบาลศาสตรบัณฑิต
945    ^p0^l0^i018378
995    ทศพร
999 ^a ใช้งานได้ทุกระบบ
รายการนี้ยังไม่มีแท็ก
คุณยังไม่ได้ล็อกอิน คุณสามารถมีกิจกรรมร่วมกับเว็บไซต์ได้ แต่ต้องล็อกอินก่อน ::
  ล็อกอิน

รายการสื่อสารสนเทศ

ลำดับที่ ประเภท เลขเรียก/บาร์โค้ด สถานที่ สถานะ
- ไม่พบข้อมูล -

รายการใกล้เคียง
    หัวเรื่อง [หลักสูตรพยาบาลศาสตรบัณฑิต]

BibComment


ยังไม่เคยถูกคอมเมนท์

คอมเมนท์ทรัพยากรรายการนี้
  คอมเมนท์: ความสามารถในการปฏ..


 Copyright 2026. Bcnsprnw @Library